American Government: People, Institutions, and Policies/ (Registro nro. 7840)
[ vista simple ]
| 000 -LEADER | |
|---|---|
| fixed length control field | 00796nam a2200217Ia 4500 |
| 005 - FECHA Y HORA DE LA ÚLTIMA TRANSACCIÓN | |
| control field | 20230418140831.0 |
| 008 - FIXED-LENGTH DATA ELEMENTS--GENERAL INFORMATION | |
| fixed length control field | 230417s9999 xx 000 0 und d |
| 020 ## - INTERNATIONAL STANDARD BOOK NUMBER | |
| International Standard Book Number | 0395667143 |
| 040 ## - CATALOGING SOURCE | |
| Original cataloging agency | UPAN |
| Transcribing agency | Biblioteca San Vicente |
| Description conventions | RCAA2 |
| 041 ## - LANGUAGE CODE | |
| Language code of text/sound track or separate title | Eng |
| 082 ## - DEWEY DECIMAL CLASSIFICATION NUMBER | |
| Classification number | 320.2-.4 |
| Item number | J646a |
| 100 ## - MAIN ENTRY--PERSONAL NAME | |
| Personal name | E. Johnson, Paul |
| Relator code | aut. |
| 245 #0 - TITLE STATEMENT | |
| Title | American Government: People, Institutions, and Policies/ |
| Remainder of title | Johnson Paul E. |
| 250 ## - EDITION STATEMENT | |
| Edition statement | 3° ed |
| 260 ## - PUBLICATION, DISTRIBUTION, ETC. (IMPRINT) | |
| Place of publication, distribution, etc | U.S.A: |
| Name of publisher, distributor, etc | Houghton Mifflin, |
| Date of publication, distribution, etc | 1994 |
| 300 ## - PHYSICAL DESCRIPTION | |
| Extent | 769 p.: |
| Dimensions | 23 cm |
| 520 ## - SUMMARY, ETC. | |
| Summary, etc | Part I Foundations<br/>Part II Politics and the People<br/>Part III Politics and Institutions<br/>Part IV Economics and Public Policy <br/>Part V Domestic Social Policy and Global Policy |
| 650 ## - SUBJECT ADDED ENTRY--TOPICAL TERM | |
| Source of heading or term | LEMB |
| Topical term or geographic name as entry element | Gobiernos Estatales |
| 700 ## - ADDED ENTRY--PERSONAL NAME | |
| Personal name | Paul E. Johnson |
| Relator code | aut. |
| 942 ## - ADDED ENTRY ELEMENTS (KOHA) | |
| Koha item type | Libros |
| Source of classification or shelving scheme | Dewey Decimal Classification |
| Withdrawn status | Lost status | Source of classification or shelving scheme | Damaged status | Not for loan | Collection code | Home library | Current library | Date acquired | Total Checkouts | Full call number | Barcode | Date last seen | Price effective from | Koha item type |
|---|---|---|---|---|---|---|---|---|---|---|---|---|---|---|
| Dewey Decimal Classification | Colección General | Biblioteca UPAN San Vicente | Biblioteca UPAN San Vicente | 17/04/2023 | 320.2-.4 J646a | 12000345 | 17/04/2023 | 17/04/2023 | Libros | |||||
| Dewey Decimal Classification | Colección General | Biblioteca UPAN San Vicente | Biblioteca UPAN San Vicente | 17/04/2023 | 320.2-.4 J646a | 12000344 | 17/04/2023 | 17/04/2023 | Libros | |||||
| Dewey Decimal Classification | Colección General | Biblioteca UPAN San Vicente | Biblioteca UPAN San Vicente | 17/04/2023 | 320.2-.4 J646a | 12000343 | 17/04/2023 | 17/04/2023 | Libros |